The impact of corporate governance on performance, risk and disclosure : empirical evidence of Malaysian listed banks from 1996 to 2005 /
Saved in:
| Main Author: | |
|---|---|
| Format: | Thesis |
| Language: | English |
| Published: |
Gombak, Selangor :
Kulliyyah of Economics and Management Sciences, International Islamic University Malaysia,
2009
|
| Subjects: | |
| Online Access: | http://studentrepo.iium.edu.my/handle/123456789/3544 |
| Tags: |
Add Tag
No Tags, Be the first to tag this record!
|
| LEADER | 024260000a22004210004500 | ||
|---|---|---|---|
| 001 | 445946 | ||
| 005 | 20230419114216.0 | ||
| 008 | 090806t2009 my a g 000 0 eng d | ||
| 035 | |a (Sirsi) 445946 | ||
| 040 | |a UIAM |b eng | ||
| 043 | |a a-my-- | ||
| 050 | 0 | 0 | |a HD2741 |
| 100 | 1 | |a Htay, Nu Nu Sheila |9 88927 | |
| 245 | 1 | 4 | |a The impact of corporate governance on performance, risk and disclosure : |b empirical evidence of Malaysian listed banks from 1996 to 2005 / |c by Sheila Nu Nu Htay |
| 260 | |a Gombak, Selangor : |b Kulliyyah of Economics and Management Sciences, International Islamic University Malaysia, |c 2009 | ||
| 300 | |a xvii, 362 leaves : |b ill. ; |c 30 cm. | ||
| 336 | |2 rdacontent | ||
| 337 | |2 rdamedia | ||
| 338 | |2 rdacarrier | ||
| 500 | |a "A dissertation submitted in partial fulfillment of the requirements for the degree of Doctor of Philosophy in Accounting."--On t. p. | ||
| 500 | |a Abstract in English and Arabic. | ||
| 502 | |a Thesis (Ph. D.)--International Islamic University Malaysia, 2009. | ||
| 504 | |a Includes bibliographical references (leaves 204-228). | ||
| 530 | |a Also available 4 3/4 in computer optical disc. | ||
| 650 | 0 | |a Corporate governance |z Malaysia |9 33392 | |
| 650 | 0 | |a Banks and banking |z Malaysia |9 18645 | |
| 655 | 0 | 7 | |a Theses, IIUM local |
| 690 | 0 | |a Dissertations, Academic |x Kulliyyah of Economics and Management |z IIUM |9 39254 | |
| 710 | 2 | |a International Islamic University Malaysia. |b Kulliyyah of Economics and Management Sciences |9 5054 | |
| 730 | 4 | |a The impact of corporate governance on performance, risk and disclosure : empirical evidence of Malaysian listed banks from 1996 to 2005 (Computer file) |9 88928 | |
| 856 | 4 | |u http://studentrepo.iium.edu.my/handle/123456789/3544 | |
| 900 | |a hj-ajt-rmb | ||
| 942 | |2 lcc |n 0 | ||
| 999 | |c 433789 |d 463823 | ||
| 952 | |0 0 |6 T HD 002741 H873I 2009 |7 0 |8 THESES |9 751585 |a IIUM |b IIUM |c MULTIMEDIA |g 0.00 |o t HD2741H873I 2009 |p 00011099247 |r 2017-10-19 |t 1 |v 0.00 |y THESIS | ||
| 952 | |0 0 |6 LU T HD2741H873I 2009 |7 0 |8 THESES |9 756274 |a IIUM |b IIUM |c CLOSEACCES |g 0.00 |o lu t HD2741H873I 2009 |p 00011279464 |r 2017-11-01 |t 1 |v 0.00 |y THESIS | ||
| 952 | |0 0 |6 LU T HD2741H873I 2009 |7 0 |8 THESES |9 756275 |a IIUM |b IIUM |c MULTIMEDIA |g 0.00 |o lu t HD2741H873I 2009 |p 00011279486 |r 2017-11-01 |t 2 |v 0.00 |y THESIS | ||
| 952 | |0 0 |6 TS CDF HD2741H873I 2009 |7 0 |8 THESES |9 834711 |a IIUM |b IIUM |c MULTIMEDIA |g 0.00 |o ts cdf HD2741H873I 2009 |p 00011099248 |r 2017-10-26 |t 1 |v 0.00 |y THESISDIG | ||
